000 00497nam a2200193 a 4500
001 1773825107344
003 YourLibrary
005 20260318144535.0
008 260318s2010##################000#0#eng##
020 _a9780763758769
082 0 4 _a362.18HEL
100 1 _aHelbock, Mike,
_eauthor.
245 1 0 _aSick/Not Sick :
260 _bJones & Bartlett Learning,
_c2010.
300 _a194 pages
650 0 _aHealth & Fitness.
942 _cENGLISH
040 _aYourLibrary
_beng
_cYourLibrary
999 _c617859
_d617859